Landscape architecture : design, construction, planting, maintenance, ...

Saved in:
Bibliographic Details
Corporate Author: Iowa State College. Department of Landscape Architecture.
Format: Book
Language:English
Published: Ames, Iowa : Iowa State College, Dept. of Landscape Architecture, [1941]
Series:Iowa State College bulletin ; v. 40, no. 21
Subjects:
Tags: Add Tag
No Tags, Be the first to tag this record!
LEADER 00693nam a22001817u 4500
001 000000541-X
005 20020606090541.3
008 830203|1941 ||||||| |||| |0||||eng|d
035 0 |a ocm80445382 
245 0 0 |a Landscape architecture :  |b design, construction, planting, maintenance, ... 
260 0 |a Ames, Iowa :  |b Iowa State College, Dept. of Landscape Architecture,  |c [1941] 
300 |a 1 folded sheet (4 p.) :  |b ill. ;  |c 31 cm. 
490 0 |a Iowa State College bulletin ;  |v v. 40, no. 21 
610 2 0 |a Iowa State College.  |b Department of Landscape Architecture. 
650 0 |a Landscape architecture. 
710 2 |a Iowa State College.  |b Department of Landscape Architecture. 
988 |a 20020608 
906 |0 MH